000 00494nam a2200181Ia 4500
003 GCL
008 140319s9999 xx 000 0 ara d
040 _aGCL /
_cGCL
082 0 4 _a813.01
_bس ر
100 1 _aسعيد محمد حسن
245 1 0 _aربنا يستر (قصص قصيرة) /
_cسعيد محمد حسن
300 _a125 ص
490 _a
650 0 4 _aالادب العربى
650 0 4 _aالقصص القصيرة
650 0 4 _aالقصة العربية
942 _2ddc
_cBK
999 _c38110
_d38110